000 00316nam a22001337a 4500
008 181022b xxu||||| |||| 00| 0 eng d
020 _a1557981183
041 _aeng
080 _a616-053.2
100 _a8
101 _aPED
245 _aThe Suggestibility of Children's Recollections
_cDoris,J
942 _2udc
_cBK
999 _c50461
_d50461